00347 2200145 4500001002100000005001500021035002000036082000800056084001400064100002700078245004600105260002600151300001200177990001200189INLIS00000000000232220250528093158 a0010-0525000614 a813 a813 AID c0 aAidh Bin Abdullah Aliq1 aCambuk Hati /cDr. Aidh Bin Abdullah Aliq aBandung :bIBS,c2004 a360 hlm a0712607